000 00533nam a2200217 a 4500
999 _c10457
_d10457
001 10457
003 BD-JhCC
005 20180520111202.0
008 180428b xxu||||| |||| 00| 0 eng d
035 _a(BD-JhCC)10457
040 _aBD-JhCC
_dBD-JhCC
041 _aeng
082 _a823.1
_bFIS 1967
100 _aFiskin, A. M. I.
245 _aThe Alchemist :
_bNotes /
_cA. M. I. Fiskin,
260 _aUSA :
_bCliff's Notes
_c1967
300 _a79 p. :
_c21 cm.
650 _aAlchemist
942 _2ddc
_cBK